Sturmian theory for ordinary differential equations (Record no. 218897)

MARC details
000 -LEADER
fixed length control field 00406nam a2200157Ia 4500
008 - FIXED-LENGTH DATA ELEMENTS--GENERAL INFORMATION
fixed length control field 230917s9999||||xx |||||||||||||| ||und||
020 ## - ISBN
Price DM54
040 ## - CATALOGING SOURCE
-- 19092
Original cataloging agency VIVEKANANDA LIBRARY
041 ## - Language
-- English
082 ## - DDC NUMBER
Classification number 515.352 R272S
100 ## - MAIN ENTRY--PERSONAL NAME
Personal name Reid, William T
245 #0 - TITLE STATEMENT
Title Sturmian theory for ordinary differential equations
260 ## - PUBLICATION, DISTRIBUTION, ETC. (IMPRINT)
Place of publication, distribution, etc New York
Name of publisher, distributor, etc Springer-Verlag
Date of publication, distribution, etc 1980
300 ## - PHYSICAL DESCRIPTION
Pages xv,559 p.
942 ## - ADDED ENTRY ELEMENTS (KOHA)
Koha item type Books
Holdings
Withdrawn status Lost status Damaged status Not for loan Location (home branch) Sublocation or collection (holding branch) Date acquired Koha issues (times borrowed) Koha full call number Accession No. Koha date last seen Koha item type
        VIVEKANANDA LIBRARY VIVEKANANDA LIBRARY 08/08/2002   515.352 R272S 83743 17/09/2023 Books
© Designed and Maintained by Vivekananda Library, MDU Rohtak